000
00226nam a22000857a 4500
008
170608b xxu||||| |||| 00| 0 eng d
100
_9
3336
_a
Berry. N
245
_a
The story of time
260
_a
New Delhi
_b
Children's Book Trust
_c
2001
999
_c
6655
_d
6655